| Поле | Инд. | ПП | Название | Значение |
|---|---|---|---|---|
| Тип записи | a | |||
| Библиографический уровень | m | |||
| 001 | Контрольный номер | 5a7545405e804e01b07fecab3fe9a351 | ||
| 005 | Дата корректировки | 20220526101453.3 | ||
| 020 | a | ISBN | 978-5-4396-2292-4 | |
| 040 | a | Служба первич. каталог. | НБ ТвГУ | |
| b | Код языка каталог. | rus | ||
| e | Правила каталог. | PSBO | ||
| 041 | 0_ | a | Код языка текста | rus |
| 080 | a | Индекс УДК | 343.2(075.8) | |
| 084 | a | Индекс другой классификации/Индекс ББК | Х408.0я73-1 | |
| 090 | a | Полочн. индекс | Х408.0 | |
| x | Авторский знак | О-63 | ||
| 097 | b | Оператор | Semenova.ZR | |
| 100 | 1_ | a | Автор | Ораздурдыев Ашир Мовлямович |
| e | Роль лиц | Автор | ||
| 245 | 10 | a | Заглавие | Основы уголовного права. Общая часть |
| n | Номер части/ раздела | Кн. 2 | ||
| b | Продолж. заглавия | учебник для вузов | ||
| c | Ответственность | А. М. Ораздурдыев | ||
| p | Название части/ раздела | Наказание | ||
| 246 | 10 | a | Другая форма заглавия | Общая часть |
| 260 | c | Дата издания | 2022 | |
| a | Место издания | Москва | ||
| b | Издательство | Юрлитинформ | ||
| 300 | a | Объем | 463 с. | |
| 440 | _0 | a | Серия | Уголовное право |
| 504 | a | Библиография | Библиогр. в конце гл. | |
| 520 | 0_ | a | Аннотация | В учебнике рассматриваются вопросы Общей части уголовного права России, посвященные институту наказания. Настоящее издание является продолжением ранее вышедшей книги основ уголовного права, посвященной институту преступления. Изложение материала соответствует учебной программе по дисциплине "Уголовное право" для высших учебных заведений. Для студентов и преподавателей высших юридических учебных заведений, для практических работников органов суда, прокуратуры и следствия, для всех интересующихся вопросами уголовного права |
| 653 | 0_ | a | Ключевые слова | Уголовное право России |
| a | Ключевые слова | Российская Федерация | ||
| a | Ключевые слова | Общая часть уголовного права России | ||
| a | Ключевые слова | Наказание в уголовном праве | ||
| a | Ключевые слова | Учебники для вузов | ||
| a | Ключевые слова | Виды наказаний | ||
| a | Ключевые слова | Назначение наказаний | ||
| a | Ключевые слова | Освобождение от наказания | ||
| a | Ключевые слова | Амнистия | ||
| a | Ключевые слова | Помилование | ||
| a | Ключевые слова | Принудительные меры медицинского характера | ||
| a | Ключевые слова | Несовершеннолетние | ||
| a | Ключевые слова | Конфискация имущества | ||
| 901 | t | Тип документа | m | |
| 920 | a | Оператор | Семен | |
| a | Оператор | Суха | ||
| a | Оператор | Стро | ||
| 930 | a | Новая/Ретро | новая | |
| 952 | c | Вид литературы | К ру | |
| 954 | b | Дата поступления в ОК | 20220524 | |
| a | Дата поступления на обработку | 20220525 | ||
| c | Дата окончания ОНО | 20220526 |